Calculus and analytic geometry by thomas and finney instructor's solutions manual part 2 (Record no. 585123)
[ view plain ]
| 000 -LEADER | |
|---|---|
| fixed length control field | 00587nam a22001937a 4500 |
| 003 - CONTROL NUMBER IDENTIFIER | |
| control field | CEME |
| 005 - DATE AND TIME OF LATEST TRANSACTION | |
| control field | 20221202161230.0 |
| 008 - FIXED-LENGTH DATA ELEMENTS--GENERAL INFORMATION | |
| fixed length control field | 210210b xxu||||| |||| 00| 0 eng d |
| 020 ## - INTERNATIONAL STANDARD BOOK NUMBER | |
| International Standard Book Number | 0-201-53299-9 |
| 040 ## - CATALOGING SOURCE | |
| Transcribing agency | . |
| 082 ## - DEWEY DECIMAL CLASSIFICATION NUMBER | |
| Classification number | 515.15 THO |
| 100 ## - MAIN ENTRY--PERSONAL NAME | |
| Personal name | Thomas, George B Finney, Ross.L Cochran, Thomas.L |
| 9 (RLIN) | 56349 |
| 245 ## - TITLE STATEMENT | |
| Title | Calculus and analytic geometry by thomas and finney instructor's solutions manual part 2 |
| 250 ## - EDITION STATEMENT | |
| Edition statement | 8TH |
| 260 ## - PUBLICATION, DISTRIBUTION, ETC. | |
| Place of publication, distribution, etc. | NEW YORK |
| Name of publisher, distributor, etc. | ASSISON-WESLEY |
| Date of publication, distribution, etc. | 1995 |
| 300 ## - PHYSICAL DESCRIPTION | |
| Extent | 544P |
| 650 ## - SUBJECT ADDED ENTRY--TOPICAL TERM | |
| Topical term or geographic name entry element | SOLUTION MANUAL.CALCULUS ANALYTIC GEOMETRY |
| 9 (RLIN) | 80153 |
| 942 ## - ADDED ENTRY ELEMENTS (KOHA) | |
| Koha item type | Book |
| Source of classification or shelving scheme | |
| Withdrawn status | Lost status | Source of classification or shelving scheme | Damaged status | Not for loan | Permanent Location | Current Location | Shelving location | Date acquired | Full call number | Barcode | Date last seen | Price effective from | Koha item type |
|---|---|---|---|---|---|---|---|---|---|---|---|---|---|
| Damaged | College of Electrical & Mechanical Engineering (CEME) | College of Electrical & Mechanical Engineering (CEME) | General Stacks | 07/06/2017 | 515.15 THO | CEME-34501 | 06/28/2021 | 06/28/2021 | Book |
